Bandiere di tutto il mondo con Capitali - Statistics

Statistiche generali
  • Questo quiz è stato fatto 530 volte
  • Il punteggio medio è 112 su 196
Statistiche sulle risposte
con Immagini Hint Risposta % Corretto
Londra
98%
Parigi
93%
Roma
93%
Tokyo
91%
Brasilia
90%
Dublino
90%
Mosca
90%
Atene
89%
Amsterdam
88%
Ottawa
88%
Washington D.C.
88%
Oslo
86%
Canberra
85%
Pechino
85%
Seul
85%
Stoccolma
85%
Berna
84%
Copenaghen
84%
Helsinki
84%
Madrid
84%
Berlino
83%
Tirana
83%
Bruxelles
82%
Budapest
82%
Città del Vaticano
82%
Sofia
81%
San Marino
80%
Gerusalemme
79%
Città del Messico
78%
Varsavia
78%
La Valletta
77%
Nuova Delhi
77%
Vienna
77%
Ankara
76%
Buenos Aires
76%
Il Cairo
76%
Algeri
75%
Lisbona
75%
Reykjavik
75%
Monaco
74%
Tunisi
73%
Wellington
73%
Praga
71%
Sarajevo
71%
Bucarest
70%
Kiev
70%
Nicosia
70%
Zagabria
70%
Se non ti diverti ti... Hanoi
69%
Lima
69%
Pretoria / Città del Capo
69%
Lussemburgo
68%
Riad
68%
Singapore
68%
Belgrado
67%
Nairobi
67%
Panama
67%
Beirut
66%
Pristina
66%
Rabat
66%
Tbilisi
66%
Caracas
65%
Dacca
65%
Lubiana
65%
Montevideo
65%
Pyongyang
65%
Skopje
65%
L'Avana
64%
Riga
64%
Tallin
64%
Bogotà
63%
Giacarta
63%
Kingston
63%
Minsk
63%
Santo Domingo
63%
Teheran
63%
Manila
62%
Baku
61%
Islamabad
61%
Abu Dhabi
60%
Andorra la Vella
59%
Baghdad
59%
Bangkok
59%
Bratislava
59%
Vaduz
59%
Damasco
58%
Katmandu
58%
Santiago del Cile
57%
Antananarivo
56%
Doha
56%
Quito
56%
Chișinău
55%
Kuala Lumpur
55%
Podgorica
55%
Vilnius
55%
Nursultan
54%
Tripoli
54%
Asunciòn
53%
Kuwait
52%
Malè
52%
Addis Abeba
51%
Amman
51%
Kabul
51%
San Salvador
51%
Taipei
51%
Dakar
50%
Gibuti
50%
Kinshasa
50%
Mogadiscio
50%
Thimphu
50%
Erevan
49%
Managua
49%
Port-au-prince
49%
Sana'a
49%
Città del Guatemala
48%
Luanda
48%
Mascate
48%
Ulan Bator
48%
Belmopan
47%
... Gomma Moroni
47%
San Jose
47%
Sao Tome
47%
Tegucigalpa
47%
Victoria
47%
Bridgetown
46%
La usi per coprirti Giuba
46%
Port Moresby
46%
Abuja
45%
Asmara
45%
Bissau
45%
Brazzaville
45%
Vlahovic Dušanbe
45%
Libreville
45%
Nassau
45%
Paramaribo
45%
Port of Spain
45%
Praia
45%
Bandar Seri Begawan
44%
Freetown
44%
Gaborone
44%
Georgetown
44%
Harare
44%
Un posto un cui.. sudi Khartum
44%
La Paz
44%
Manama
44%
Niamey
44%
Vientiane
44%
Accra
43%
Dodoma
43%
Phnom Penh
43%
Tashkent
43%
Yamoussoukro
43%
Yaounde
43%
Bangui
42%
Bishkek
42%
Dili
42%
Hai sentito un rumore Kigali
42%
Mbabane
42%
Monrovia
42%
Ouagadougou
42%
Porto Novo
42%
Saint John's
42%
L'uccello canta come una... Kampala
41%
Lomè
41%
Lusaka
41%
Maputo
41%
Roseau
41%
Conakry
40%
Gitega
40%
Naypyidaw
40%
Sri Jayawardenepura Kotte
40%
Ashgabat
39%
Banjul
39%
Basseterre
39%
Castries
39%
Nouakchott
39%
Saint George's
39%
Suva
39%
Malabo
38%
Port Vila
38%
Lilongwe
37%
Maseru
37%
Ngerulmud
37%
Windhoek
37%
Yaren
37%
Apia
36%
Kingstown
36%
Majuro
36%
Nuku'Alofa
36%
Palikir
36%
Port Louis
36%
Bamako
35%
Funafuti
35%
N'Djamena
35%
Sud Tarawa
34%
Honiara
32%
Nessun quiz corrispondente trovato
Distribuzione punteggi
Percentuale di utenti per punteggio
Percentile per numero di risposta
I tuoi punteggi nel tempo
Non hai fatto questo quiz